[Event "19. Obert Int. Sant Marti 2017"]
[Site "Barcelona ESP"]
[Date "2017.07.16"]
[Round "4.68"]
[White "Montell Zabay, Alberto"]
[Black "Frih, Ameur"]
[Result "1-0"]
[WhiteElo "1956"]
[BlackElo "2233"]
[PlyCount "71"]
[EventDate "2017.07.13"]
[EventType "swiss"]
[EventRounds "9"]
[EventCountry "ESP"]
[SourceTitle "Ajedrez en Madrid"]
[Source "lmi"]
[SourceDate "2017.07.13"]
[SourceVersion "1"]
[SourceVersionDate "2019.06.21"]
[SourceQuality "1"]

1. e4 d6 2. d4 Nf6 3. Nc3 c6 4. g3 Nbd7 5. Bg2 e5 6. Nge2 b5 7. a3 a5 8. O-O
Ba6 9. b4 axb4 10. axb4 Be7 11. Kh1 O-O 12. f4 Qc7 13. h3 Bb7 14. Rb1 Rfe8 15.
g4 exf4 16. Bxf4 Bf8 17. Ng3 Ra3 18. Rf3 Rea8 19. g5 Ne8 20. Nf5 g6 21. Ng3 Ng7
22. Qd2 Ne6 23. Rbf1 Nb6 24. Nge2 Nc4 25. Qc1 Bg7 26. d5 Nxf4 27. Qxf4 Rf8 28.
h4 Qe7 29. h5 cxd5 30. exd5 Be5 31. Qh4 Nd2 32. hxg6 hxg6 33. Rh3 f5 34. gxf6
Bxf6 35. Rxf6 Ra1+ 36. Ng1 1-0

[Event "19. Obert Int. Sant Marti 2017"]
[Site "Barcelona ESP"]
[Date "2017.07.16"]
[Round "4.69"]
[White "Severri Arrese, Carlos"]
[Black "Valls Marti, Artur"]
[Result "0-1"]
[WhiteElo "1904"]
[BlackElo "2140"]
[PlyCount "95"]
[EventDate "2017.07.13"]
[EventType "swiss"]
[EventRounds "9"]
[EventCountry "ESP"]
[SourceTitle "Ajedrez en Madrid"]
[Source "lmi"]
[SourceDate "2017.07.13"]
[SourceVersion "1"]
[SourceVersionDate "2019.06.21"]
[SourceQuality "1"]

1. e4 c5 2. Nc3 g6 3. Nf3 Bg7 4. Be2 Nc6 5. O-O Nf6 6. Re1 O-O 7. d3 d5 8. exd5
Nxd5 9. Ne4 b6 10. h3 Bb7 11. Bf1 Qd7 12. c3 e5 13. Bd2 Rad8 14. Qc2 h6 15.
Rad1 Qc8 16. a3 Nc7 17. Qc1 Kh7 18. Nh2 f5 19. Ng3 Ne6 20. Nf3 Ba6 21. Qc2 Rd6
22. Bc1 Rfd8 23. Rd2 Nf4 24. Re3 Qd7 25. Qa4 Bb7 26. Qc2 Re6 27. Re1 Qe7 28.
Rdd1 Nd5 29. Qb3 Nf6 30. Qc2 Nb8 31. b4 cxb4 32. axb4 Rc8 33. Qb3 Nd5 34. Bb2
Nf4 35. Ra1 a6 36. Rad1 Nc6 37. Ba3 b5 38. Bc1 Nd8 39. Be3 Nxh3+ 40. gxh3 Bxf3
41. Bc5 Qb7 42. Ra1 h5 43. Qa2 Qd7 44. Qc2 Nb7 45. d4 h4 46. Ne2 Nxc5 47. dxc5
Qe7 48. Kh2 0-1

[Event "19. Obert Int. Sant Marti 2017"]
[Site "Barcelona ESP"]
[Date "2017.07.16"]
[Round "4.70"]
[White "Farre Buil, Carles"]
[Black "Nadal Fajardo, Ricard"]
[Result "1/2-1/2"]
[WhiteElo "1856"]
[BlackElo "2027"]
[PlyCount "64"]
[EventDate "2017.07.13"]
[EventType "swiss"]
[EventRounds "9"]
[EventCountry "ESP"]
[SourceTitle "Ajedrez en Madrid"]
[Source "lmi"]
[SourceDate "2017.07.13"]
[SourceVersion "1"]
[SourceVersionDate "2019.06.21"]
[SourceQuality "1"]

1. e4 c5 2. d4 cxd4 3. c3 d3 4. Qxd3 Nc6 5. Nf3 d6 6. Be2 Nf6 7. O-O g6 8. Bf4
Bg7 9. Nbd2 O-O 10. h3 h6 11. Nc4 b5 12. Ne3 a6 13. Bh2 Bb7 14. Rad1 Qa5 15.
Qb1 Rac8 16. e5 Nxe5 17. Nxe5 dxe5 18. Bxe5 Rfd8 19. Rxd8+ Rxd8 20. Rd1 Rxd1+
21. Bxd1 Be4 22. Bc2 Bxc2 23. Nxc2 Nd5 24. Bxg7 Kxg7 25. a3 Qa4 26. Nd4 Qc4 27.
Qe1 a5 28. Qe2 Qxe2 29. Nxe2 e5 30. b3 Nb6 31. Nc1 a4 32. bxa4 Nxa4 1/2-1/2

[Event "19. Obert Int. Sant Marti 2017"]
[Site "Barcelona ESP"]
[Date "2017.07.16"]
[Round "4.71"]
[White "Krithigga, K."]
[Black "Sama Salinas, Alejandro"]
[Result "1-0"]
[WhiteElo "1848"]
[BlackElo "2000"]
[PlyCount "45"]
[EventDate "2017.07.13"]
[EventType "swiss"]
[EventRounds "9"]
[EventCountry "ESP"]
[SourceTitle "Ajedrez en Madrid"]
[Source "lmi"]
[SourceDate "2017.07.13"]
[SourceVersion "1"]
[SourceVersionDate "2019.06.21"]
[SourceQuality "1"]

1. c4 g6 2. g3 Bg7 3. Bg2 c5 4. Nc3 Nc6 5. Nf3 e6 6. O-O Nge7 7. e3 O-O 8. d4
cxd4 9. Nxd4 Nxd4 10. exd4 d5 11. cxd5 Nxd5 12. Nxd5 exd5 13. Qb3 Bxd4 14. Bh6
Re8 15. Bxd5 Be6 16. Bxe6 Rxe6 17. Rad1 Rd6 18. Be3 Bxe3 19. Rxd6 Qxd6 20. Qxe3
b6 21. Qc3 Rd8 22. Re1 Qd2 23. Re8+ 1-0

[Event "19. Obert Int. Sant Marti 2017"]
[Site "Barcelona ESP"]
[Date "2017.07.16"]
[Round "4.72"]
[White "Niklesh, Kumar Jain"]
[Black "Vazquez Moreno, Josep M"]
[Result "1-0"]
[WhiteElo "1822"]
[BlackElo "1991"]
[PlyCount "84"]
[EventDate "2017.07.13"]
[EventType "swiss"]
[EventRounds "9"]
[EventCountry "ESP"]
[SourceTitle "Ajedrez en Madrid"]
[Source "lmi"]
[SourceDate "2017.07.13"]
[SourceVersion "1"]
[SourceVersionDate "2019.06.21"]
[SourceQuality "1"]

1. e4 c5 2. Nf3 d6 3. c3 Nf6 4. g3 Nc6 5. d3 g6 6. Bg2 Bg7 7. O-O O-O 8. Re1
Rb8 9. a4 Bg4 10. h3 Bd7 11. Nbd2 a6 12. Nf1 b5 13. axb5 axb5 14. e5 dxe5 15.
Nxe5 Nxe5 16. Rxe5 Qc8 17. Rxe7 Bxh3 18. Bh1 Qd8 19. Rea7 Bg4 20. Bf3 Bxf3 21.
Qxf3 Qd5 22. Nh2 b4 23. c4 Qxf3 24. Nxf3 Ng4 25. Rd7 Ra8 26. Rxa8 Rxa8 27. Kg2
h6 28. d4 cxd4 29. Nxd4 Ne5 30. Rb7 Nxc4 31. Rxb4 Ne5 32. Be3 Ra2 33. Rb8+ Kh7
34. b4 Rb2 35. b5 Nc4 36. Kf3 Nd6 37. b6 Be5 38. Nc6 Nc4 39. Nxe5 Nxe5+ 40. Ke4
f6 41. Rb7+ Kg8 42. Re7 Nf7 1-0

[Event "19. Obert Int. Sant Marti 2017"]
[Site "Barcelona ESP"]
[Date "2017.07.16"]
[Round "4.73"]
[White "Alcala Valiente, Juan Carlos"]
[Black "Catala Ulied, Bernat"]
[Result "1-0"]
[WhiteElo "1987"]
[BlackElo "1761"]
[PlyCount "51"]
[EventDate "2017.07.13"]
[EventType "swiss"]
[EventRounds "9"]
[EventCountry "ESP"]
[SourceTitle "Ajedrez en Madrid"]
[Source "lmi"]
[SourceDate "2017.07.13"]
[SourceVersion "1"]
[SourceVersionDate "2019.06.21"]
[SourceQuality "1"]

1. d4 Nf6 2. c4 g6 3. Nc3 Bg7 4. e4 d6 5. f3 O-O 6. Bg5 Nbd7 7. Nh3 c5 8. d5
Qa5 9. Qd2 a6 10. a4 Ne5 11. Nf2 Qc7 12. Be2 e6 13. f4 Ned7 14. dxe6 fxe6 15.
Rd1 Ne8 16. O-O Bd4 17. Kh1 Nb8 18. Ng4 Nc6 19. Nh6+ Kg7 20. f5 exf5 21. Nd5
Qa5 22. Qf4 Be5 23. Qh4 Nd4 24. Bd3 Nc7 25. Bd2 Qxa4 26. Qe7+ 1-0

[Event "19. Obert Int. Sant Marti 2017"]
[Site "Barcelona ESP"]
[Date "2017.07.16"]
[Round "4.74"]
[White "Alcaraz Lopez, Francesc"]
[Black "Deaconu, Mihai-Ionut"]
[Result "0-1"]
[WhiteElo "1811"]
[BlackElo "1965"]
[PlyCount "88"]
[EventDate "2017.07.13"]
[EventType "swiss"]
[EventRounds "9"]
[EventCountry "ESP"]
[SourceTitle "Ajedrez en Madrid"]
[Source "lmi"]
[SourceDate "2017.07.13"]
[SourceVersion "1"]
[SourceVersionDate "2019.06.21"]
[SourceQuality "1"]

1. c4 g6 2. d4 Bg7 3. Nc3 Nf6 4. e4 d6 5. f3 O-O 6. Be3 Nbd7 7. Nh3 c5 8. d5
Qa5 9. Nf2 Ne5 10. Qd2 a6 11. h3 Nh5 12. f4 Nd7 13. Bd3 Ng3 14. Rg1 b5 15. Nh1
Nxh1 16. Rxh1 bxc4 17. Bxc4 Rb8 18. Rc1 Nb6 19. Bd3 f5 20. b3 fxe4 21. Bxe4 Qb4
22. Bf3 c4 23. Bd4 cxb3 24. Bxg7 Kxg7 25. axb3 Qxf4 26. Ne2 Qh4+ 27. Kd1 Nd7
28. Rc4 Qf6 29. Nd4 Ne5 30. Rc3 Bd7 31. Rf1 Qh4 32. Be2 Rxf1+ 33. Bxf1 a5 34.
Nc6 Rf8 35. Be2 Rf2 36. Nxe5 dxe5 37. Qe3 Qf6 38. Bf3 Rf1+ 39. Kd2 Bf5 40. Rc6
Qh4 41. Qxe5+ Kf7 42. Be2 Qe1+ 43. Ke3 Rf2 44. Qb2 Rxg2 0-1

[Event "19. Obert Int. Sant Marti 2017"]
[Site "Barcelona ESP"]
[Date "2017.07.16"]
[Round "4.76"]
[White "Al, Ansi Amin"]
[Black "Di Chiara, Mauro"]
[Result "0-1"]
[WhiteElo "1948"]
[BlackElo "1964"]
[PlyCount "90"]
[EventDate "2017.07.13"]
[EventType "swiss"]
[EventRounds "9"]
[EventCountry "ESP"]
[SourceTitle "Ajedrez en Madrid"]
[Source "lmi"]
[SourceDate "2017.07.13"]
[SourceVersion "1"]
[SourceVersionDate "2019.06.21"]
[SourceQuality "1"]

1. e4 c5 2. b3 Nc6 3. Bb2 e5 4. Bc4 Nf6 5. Nc3 Be7 6. Nge2 d6 7. O-O O-O 8. f4
Bg4 9. fxe5 dxe5 10. Qe1 a6 11. a4 Nd4 12. Nxd4 cxd4 13. Nd5 Nxd5 14. Bxd5 Qd7
15. c4 Be6 16. Qg3 Bd6 17. Rac1 Rac8 18. h4 Bxd5 19. cxd5 Rxc1 20. Bxc1 f5 21.
Qh3 g6 22. h5 Qf7 23. d3 f4 24. hxg6 Qxg6 25. Bd2 h5 26. Kf2 Be7 27. Rh1 h4 28.
Ke2 Rf7 29. Be1 Rg7 30. Rg1 Qh5+ 31. Qf3 Rg4 32. Bf2 Qg6 33. Qh3 Qh5 34. Qf3
Qg5 35. Qh3 f3+ 36. Kxf3 Rg3+ 37. Bxg3 Qe3+ 38. Kg4 Qg5+ 39. Kf3 Qe3+ 40. Kg4
hxg3 41. Rf1 Qg5+ 42. Kf3 Qf4+ 43. Ke2 Qe3+ 44. Kd1 Qxd3+ 45. Kc1 Ba3# 0-1

[Event "19. Obert Int. Sant Marti 2017"]
[Site "Barcelona ESP"]
[Date "2017.07.16"]
[Round "4.77"]
[White "Monedero Gonzalez, Josep"]
[Black "Brunet Gil, Pol"]
[Result "1/2-1/2"]
[WhiteElo "1957"]
[BlackElo "1906"]
[PlyCount "128"]
[EventDate "2017.07.13"]
[EventType "swiss"]
[EventRounds "9"]
[EventCountry "ESP"]
[SourceTitle "Ajedrez en Madrid"]
[Source "lmi"]
[SourceDate "2017.07.13"]
[SourceVersion "1"]
[SourceVersionDate "2019.06.21"]
[SourceQuality "1"]

1. d4 d5 2. Bf4 Nf6 3. Nf3 Bf5 4. e3 e6 5. Nbd2 Bd6 6. Ne5 Nbd7 7. h3 h6 8. c4
O-O 9. Be2 Ne4 10. Nxe4 Bxe4 11. O-O dxc4 12. Bxc4 Nb6 13. Bb3 Nd5 14. Bxd5
Bxd5 15. Qc2 b6 16. Rac1 c5 17. dxc5 Bxc5 18. Rfd1 Qc8 19. e4 Bb7 20. Nd7 Rd8
21. Nxc5 Rxd1+ 22. Qxd1 bxc5 23. Qg4 e5 24. Qxc8+ Rxc8 25. Bxe5 Bxe4 26. Bd4
Bd5 27. b3 c4 28. Bxa7 c3 29. b4 Bxa2 30. Bc5 Bc4 31. Rxc3 Bb5 32. Ra3 Kh7 33.
Ra7 Kg6 34. Rb7 Bd3 35. Rd7 Bb5 36. Rd6+ Kh7 37. Kh2 Rc6 38. Rd8 Rc7 39. h4 Bc6
40. Kg3 Rd7 41. Rf8 Kg6 42. Rc8 Bb7 43. Rb8 Rc7 44. f3 Kf5 45. Kf2 h5 46. Ke3
Rd7 47. b5 g6 48. Re8 Rd5 49. Re7 Re5+ 50. Kd4 Rxe7 51. Bxe7 Ke6 52. Bf8 Kd7
53. Kc5 Kc7 54. Bd6+ Kc8 55. Kd4 Kd7 56. Bb8 Ke6 57. Bg3 Kd7 58. Ke5 Ke7 59.
Bf2 Kd7 60. Bc5 Ba8 61. Kf4 Ke6 62. g4 f5 63. g5 Kd5 64. Ba7 Bb7 1/2-1/2

[Event "19. Obert Int. Sant Marti 2017"]
[Site "Barcelona ESP"]
[Date "2017.07.16"]
[Round "4.78"]
[White "Repiso Alvarez, Jorge"]
[Black "Colome Rovira, Oscar"]
[Result "1/2-1/2"]
[WhiteElo "1954"]
[BlackElo "1865"]
[PlyCount "109"]
[EventDate "2017.07.13"]
[EventType "swiss"]
[EventRounds "9"]
[EventCountry "ESP"]
[SourceTitle "Ajedrez en Madrid"]
[Source "lmi"]
[SourceDate "2017.07.13"]
[SourceVersion "1"]
[SourceVersionDate "2019.06.21"]
[SourceQuality "1"]

1. d4 Nf6 2. c4 e5 3. e3 exd4 4. exd4 Bb4+ 5. Bd2 Bxd2+ 6. Nxd2 d5 7. Ngf3 O-O
8. Be2 dxc4 9. O-O b5 10. a4 c6 11. Nb1 Bg4 12. b3 cxb3 13. axb5 cxb5 14. Qxb3
Nc6 15. Nbd2 Nxd4 16. Nxd4 Qxd4 17. Nf3 Qb6 18. Qxb5 Qxb5 19. Bxb5 Bxf3 20.
gxf3 a5 21. Ra3 Rfb8 22. Ba4 Rb4 23. Rfa1 Rab8 24. Bc6 Rc4 25. Ba4 Rc5 26. Bd1
Rbb5 27. f4 g6 28. R3a2 Nd5 29. Be2 Rb4 30. Rxa5 Rxa5 31. Rxa5 Nxf4 32. Bf1 Kg7
33. Ra2 Rb3 34. Ra1 h5 35. Bc4 Rc3 36. Bf1 h4 37. Re1 g5 38. Be2 Rc1 39. Kf1
Nxe2 40. Kxe2 Rxe1+ 41. Kxe1 g4 42. f3 f5 43. fxg4 fxg4 44. Kf2 Kf6 45. Ke2 Kf5
46. Kf2 Kf4 47. Kg2 Ke3 48. Kg1 Kf3 49. Kf1 Ke3 50. Kg1 Ke2 51. Kg2 Ke1 52. Kg1
Ke2 53. Kg2 Kd3 54. Kf1 Ke3 55. Kg1 1/2-1/2

[Event "19. Obert Int. Sant Marti 2017"]
[Site "Barcelona ESP"]
[Date "2017.07.17"]
[Round "5.1"]
[White "Fernandez, Fernando"]
[Black "Cuartas, Jaime Alexander"]
[Result "1-0"]
[WhiteElo "2424"]
[BlackElo "2501"]
[PlyCount "97"]
[EventDate "2017.07.13"]
[EventType "swiss"]
[EventRounds "9"]
[EventCountry "ESP"]
[SourceTitle "Ajedrez en Madrid"]
[Source "lmi"]
[SourceDate "2017.07.13"]
[SourceVersion "1"]
[SourceVersionDate "2019.06.21"]
[SourceQuality "1"]

1. e4 c6 2. d4 d5 3. e5 Bf5 4. Nf3 e6 5. Be2 c5 6. c3 Nc6 7. O-O h6 8. Be3 Qb6
9. Na3 c4 10. Nxc4 dxc4 11. d5 Bc5 12. Bxc5 Qxc5 13. dxc6 bxc6 14. Qd4 Qxd4 15.
Nxd4 Rb8 16. Nxf5 exf5 17. Bxc4 Ne7 18. e6 fxe6 19. Bxe6 Rxb2 20. Rab1 Rb6 21.
Rxb6 axb6 22. Rb1 Nd5 23. c4 Nf4 24. Bxf5 O-O 25. Bd7 Ra8 26. g3 Ne2+ 27. Kf1
Nc3 28. Rb3 Ne4 29. Bxc6 Nd2+ 30. Ke1 Nxb3 31. Bxa8 Nc5 32. Kd2 Kf7 33. f4 Ke6
34. Ke3 Kd6 35. h4 Na6 36. Ke4 Nc5+ 37. Kf5 Ke7 38. g4 Na4 39. Kg6 Kf8 40. f5
Nb2 41. Bd5 Nd3 42. g5 Nf4+ 43. Kh7 hxg5 44. hxg5 b5 45. f6 gxf6 46. g6 Nh5 47.
cxb5 f5 48. b6 Nf6+ 49. Kh8 1-0

[Event "19. Obert Int. Sant Marti 2017"]
[Site "Barcelona ESP"]
[Date "2017.07.17"]
[Round "5.2"]
[White "Grigoryan, Karen H."]
[Black "Perez Mitjans, Orelvis"]
[Result "1-0"]
[WhiteElo "2555"]
[BlackElo "2407"]
[PlyCount "107"]
[EventDate "2017.07.13"]
[EventType "swiss"]
[EventRounds "9"]
[EventCountry "ESP"]
[SourceTitle "Ajedrez en Madrid"]
[Source "lmi"]
[SourceDate "2017.07.13"]
[SourceVersion "1"]
[SourceVersionDate "2019.06.21"]
[SourceQuality "1"]

1. c4 Nf6 2. Nc3 g6 3. d4 Bg7 4. e4 d6 5. f3 e5 6. d5 Nfd7 7. h4 h5 8. Bg5 Bf6
9. Qd2 a5 10. O-O-O Na6 11. Bd3 Kf8 12. Bb1 Kg7 13. Rf1 Qe7 14. g3 Nb6 15. b3
a4 16. Kb2 axb3 17. axb3 Nc5 18. Bc2 Bd7 19. Nge2 Bxg5 20. hxg5 c6 21. f4 exf4
22. gxf4 Rhe8 23. Ng3 Bg4 24. Rh4 cxd5 25. Qd4+ f6 26. exd5 Nbd7 27. Nge4 Nxe4
28. Nxe4 Kf7 29. Rxg4 f5 30. Rg2 fxe4 31. Re2 Qd8 32. b4 b5 33. cxb5 Qc7 34.
Bxe4 Kg8 35. Rc2 Nc5 36. bxc5 Qa5 37. Kc1 dxc5 38. Qc4 Qa3+ 39. Kd2 Ra4 40.
Qxc5 Qg3 41. Bd3 Rxf4 42. Qg1 Qh4 43. Rc6 Rxf1 44. Qxf1 Qb4+ 45. Kd1 Qa4+ 46.
Kd2 Qb4+ 47. Rc3 Rf8 48. Qe2 h4 49. Qe6+ Kh8 50. Qe5+ Kg8 51. d6 Qb2+ 52. Bc2
h3 53. Qe6+ Rf7 54. Qxg6+ 1-0

[Event "19. Obert Int. Sant Marti 2017"]
[Site "Barcelona ESP"]
[Date "2017.07.17"]
[Round "5.3"]
[White "Henriquez Villagra, Cristobal"]
[Black "Yao, Lan"]
[Result "1-0"]
[WhiteElo "2532"]
[BlackElo "2273"]
[PlyCount "73"]
[EventDate "2017.07.13"]
[EventType "swiss"]
[EventRounds "9"]
[EventCountry "ESP"]
[SourceTitle "Ajedrez en Madrid"]
[Source "lmi"]
[SourceDate "2017.07.13"]
[SourceVersion "1"]
[SourceVersionDate "2019.06.21"]
[SourceQuality "1"]

1. e4 c5 2. Nf3 d6 3. d4 cxd4 4. Nxd4 Nf6 5. Nc3 Nc6 6. Bg5 e6 7. Qd2 a6 8.
O-O-O Bd7 9. f4 b5 10. Bxf6 gxf6 11. Kb1 b4 12. Nce2 Qb6 13. Nxc6 Qxc6 14. Qxb4
d5 15. Qd4 dxe4 16. Nc3 Rc8 17. Bxa6 Rb8 18. Nxe4 Bg7 19. Nd6+ Ke7 20. Bb5 Rxb5
21. Nxb5 Qxb5 22. Rd3 Rd8 23. Rhd1 Ke8 24. Rg3 Bf8 25. Rg8 Rb8 26. b3 Qd5 27.
Qxd5 exd5 28. Re1+ Be6 29. f5 Kd7 30. g4 Kd6 31. fxe6 fxe6 32. Rf1 Ke7 33. Rh8
Kf7 34. Rxh7+ Kg6 35. Rd7 Bc5 36. h4 Bd4 37. c4 1-0

[Event "19. Obert Int. Sant Marti 2017"]
[Site "Barcelona ESP"]
[Date "2017.07.17"]
[Round "5.4"]
[White "Burmakin, Vladimir"]
[Black "Arjun, Kalyan"]
[Result "1/2-1/2"]
[WhiteElo "2505"]
[BlackElo "2347"]
[PlyCount "115"]
[EventDate "2017.07.13"]
[EventType "swiss"]
[EventRounds "9"]
[EventCountry "ESP"]
[SourceTitle "Ajedrez en Madrid"]
[Source "lmi"]
[SourceDate "2017.07.13"]
[SourceVersion "1"]
[SourceVersionDate "2019.06.21"]
[SourceQuality "1"]

1. Nf3 d5 2. e3 Nf6 3. c4 c6 4. Nc3 e6 5. b3 Nbd7 6. Bb2 Bd6 7. Be2 O-O 8. O-O
Qe7 9. Qc2 b6 10. cxd5 cxd5 11. Nb5 Ba6 12. Rfc1 Rac8 13. Qd1 Bxb5 14. Bxb5 Ba3
15. Rab1 Bxb2 16. Rxb2 Nb8 17. Rbc2 Qb7 18. d4 Ne4 19. Bd3 Nd6 20. h4 h6 21.
Ne5 Rxc2 22. Rxc2 Rc8 23. Qd2 Rxc2 24. Bxc2 Nd7 25. Qd3 Nf6 26. Qc3 Qc8 27.
Qxc8+ Nxc8 28. Bd3 a5 29. f3 Nd6 30. g4 g5 31. hxg5 hxg5 32. Kf2 Kf8 33. Ke2
Ke7 34. Kd2 Kd8 35. Kc3 Nd7 36. b4 axb4+ 37. Kxb4 f6 38. Nc6+ Kc7 39. Ne7 Kd8
40. Ng6 Kc7 41. Bb5 f5 42. Bxd7 Kxd7 43. Nf8+ Ke7 44. Nh7 fxg4 45. fxg4 Ne4 46.
Kb5 Nc3+ 47. Kxb6 Nxa2 48. Nxg5 Nc3 49. Kc6 Nd1 50. e4 Nf2 51. exd5 exd5 52.
Kxd5 Nxg4 53. Kc6 Ne3 54. Ne4 Ke6 55. Nc3 Ke7 56. Nd5+ Nxd5 57. Kxd5 Kd7 58.
Ke5 1/2-1/2

[Event "19. Obert Int. Sant Marti 2017"]
[Site "Barcelona ESP"]
[Date "2017.07.17"]
[Round "5.5"]
[White "Quirhuayo Chumbe, German Gonzalo"]
[Black "Vassallo Barroche, Mauricio"]
[Result "1-0"]
[WhiteElo "2376"]
[BlackElo "2376"]
[PlyCount "83"]
[EventDate "2017.07.13"]
[EventType "swiss"]
[EventRounds "9"]
[EventCountry "ESP"]
[SourceTitle "Ajedrez en Madrid"]
[Source "lmi"]
[SourceDate "2017.07.13"]
[SourceVersion "1"]
[SourceVersionDate "2019.06.21"]
[SourceQuality "1"]

1. e4 e5 2. Nf3 Nc6 3. Bb5 a6 4. Ba4 Nf6 5. d3 d6 6. c3 Bd7 7. O-O g6 8. Nbd2
Bg7 9. Re1 O-O 10. Nf1 Nh5 11. Ng3 Nxg3 12. hxg3 Bg4 13. Be3 b5 14. Bc2 d5 15.
Bc5 Re8 16. Qe2 d4 17. Qd2 Qd7 18. Rac1 Nd8 19. cxd4 exd4 20. Nh2 Be6 21. Bd1
a5 22. g4 Nb7 23. Rf1 Ra6 24. b3 b4 25. f4 Qb5 26. a4 bxa3 27. Bxa3 c5 28. f5
Bxb3 29. g5 a4 30. Ng4 Qd7 31. Be2 Rc6 32. Rf3 gxf5 33. exf5 Bd5 34. Rf2 f6 35.
Bd1 Ra6 36. Bf3 Bxf3 37. Rxf3 Qe7 38. Rcf1 Qe2 39. Qc1 Qa2 40. gxf6 Bf8 41.
Nh6+ Kh8 42. Rg3 1-0

[Event "19. Obert Int. Sant Marti 2017"]
[Site "Barcelona ESP"]
[Date "2017.07.17"]
[Round "5.6"]
[White "Peralta, Fernando"]
[Black "Perpinya Rofes, Lluis Maria"]
[Result "1-0"]
[WhiteElo "2564"]
[BlackElo "2352"]
[PlyCount "55"]
[EventDate "2017.07.13"]
[EventType "swiss"]
[EventRounds "9"]
[EventCountry "ESP"]
[SourceTitle "Ajedrez en Madrid"]
[Source "lmi"]
[SourceDate "2017.07.13"]
[SourceVersion "1"]
[SourceVersionDate "2019.06.21"]
[SourceQuality "1"]

1. d4 d5 2. c4 dxc4 3. e3 e5 4. Bxc4 exd4 5. exd4 Bd6 6. Nf3 Nf6 7. Qe2+ Qe7 8.
Qxe7+ Bxe7 9. Nc3 Nbd7 10. O-O Nb6 11. Bb3 c6 12. Re1 Nfd5 13. Bg5 f6 14. Bd2
Kf7 15. Ne4 Be6 16. Nc5 Bxc5 17. dxc5 Nd7 18. Rac1 Rhe8 19. Nd4 Ne5 20. Red1
Rad8 21. Ba5 Rd7 22. Rd2 b6 23. Nxe6 Rxe6 24. cxb6 axb6 25. Bxb6 Ke8 26. Rcd1
Ng6 27. g3 Re5 28. Bd4 1-0

[Event "19. Obert Int. Sant Marti 2017"]
[Site "Barcelona ESP"]
[Date "2017.07.17"]
[Round "5.7"]
[White "Buchenau, Frank"]
[Black "Narciso Dublan, Marc"]
[Result "0-1"]
[WhiteElo "2279"]
[BlackElo "2516"]
[PlyCount "128"]
[EventDate "2017.07.13"]
[EventType "swiss"]
[EventRounds "9"]
[EventCountry "ESP"]
[SourceTitle "Ajedrez en Madrid"]
[Source "lmi"]
[SourceDate "2017.07.13"]
[SourceVersion "1"]
[SourceVersionDate "2019.06.21"]
[SourceQuality "1"]

1. e4 c6 2. Nf3 d5 3. Nc3 Bg4 4. d4 Nf6 5. e5 Nfd7 6. h3 Bxf3 7. Qxf3 e6 8. Qg3
Qb6 9. Ne2 c5 10. Qb3 cxd4 11. Qxb6 axb6 12. Nxd4 Nxe5 13. Bb5+ Nbc6 14. Bf4
O-O-O 15. O-O-O Bc5 16. c3 Bxd4 17. cxd4 Nc4 18. Rd3 Nd6 19. Ba4 b5 20. Bc2 Kd7
21. Rdd1 Ra8 22. Kb1 Ra7 23. Rhe1 Rha8 24. Bb3 Nc4 25. g4 g6 26. h4 N4a5 27.
Bc2 Nb4 28. a3 Nxc2 29. Kxc2 Nc6 30. h5 Ra4 31. Be3 b4 32. axb4 Rxb4 33. b3 Ra3
34. Rd3 Rb6 35. Kb2 Nb4 36. Rd2 Rxb3+ 37. Kxb3 Nd3+ 38. Kc3 Nxe1 39. Ra2 gxh5
40. gxh5 Rc6+ 41. Kd2 Nf3+ 42. Ke2 Nh4 43. Ra8 Rc8 44. Ra7 Kc6 45. Ra1 b5 46.
Bf4 Kb7 47. Rb1 Kb6 48. Bd6 Rc2+ 49. Kd3 Rxf2 50. Ra1 b4 51. Bxb4 Nf5 52. Bc5+
Kb5 53. Rb1+ Kc6 54. Rb8 Rf3+ 55. Ke2 Rf4 56. Rf8 Ng3+ 57. Ke3 Nxh5 58. Rh8
Re4+ 59. Kd2 Nf6 60. Rc8+ Kb5 61. Rb8+ Kc6 62. Rc8+ Kb7 63. Rf8 Nd7 64. Rxf7
Kc6 0-1

[Event "19. Obert Int. Sant Marti 2017"]
[Site "Barcelona ESP"]
[Date "2017.07.17"]
[Round "5.8"]
[White "Arizmendi Martinez, Julen Luis"]
[Black "Tissir, Mohamed"]
[Result "1/2-1/2"]
[WhiteElo "2511"]
[BlackElo "2354"]
[PlyCount "47"]
[EventDate "2017.07.13"]
[EventType "swiss"]
[EventRounds "9"]
[EventCountry "ESP"]
[SourceTitle "Ajedrez en Madrid"]
[Source "lmi"]
[SourceDate "2017.07.13"]
[SourceVersion "1"]
[SourceVersionDate "2019.06.21"]
[SourceQuality "1"]

1. d4 Nf6 2. c4 g6 3. Nc3 Bg7 4. e4 O-O 5. Nf3 d6 6. Be2 e5 7. O-O Nbd7 8. Be3
Re8 9. d5 Nh5 10. g3 Bf8 11. Ne1 Ng7 12. Nd3 f5 13. f3 Be7 14. Qd2 Nf6 15. c5
Rf8 16. Rfc1 fxe4 17. fxe4 Ng4 18. Bxg4 Bxg4 19. Nf2 Bd7 20. c6 bxc6 21. dxc6
Bxc6 22. Nd5 Bxd5 23. Qxd5+ Kh8 24. Rc6 1/2-1/2

[Event "19. Obert Int. Sant Marti 2017"]
[Site "Barcelona ESP"]
[Date "2017.07.17"]
[Round "5.9"]
[White "Abhishek, Das"]
[Black "Asis Gargatagli, Hipolito"]
[Result "0-1"]
[WhiteElo "2274"]
[BlackElo "2505"]
[PlyCount "74"]
[EventDate "2017.07.13"]
[EventType "swiss"]
[EventRounds "9"]
[EventCountry "ESP"]
[SourceTitle "Ajedrez en Madrid"]
[Source "lmi"]
[SourceDate "2017.07.13"]
[SourceVersion "1"]
[SourceVersionDate "2019.06.21"]
[SourceQuality "1"]

1. e4 c5 2. Nc3 d6 3. f4 g6 4. Nf3 Bg7 5. Bb5+ Bd7 6. Bc4 Nc6 7. d3 Na5 8. Bd2
a6 9. O-O e6 10. f5 Nf6 11. fxe6 fxe6 12. e5 dxe5 13. Nxe5 O-O 14. Qe2 Nxc4 15.
dxc4 Qc7 16. Nxd7 Qxd7 17. Rad1 Qd4+ 18. Be3 Qe5 19. Bf4 Qxe2 20. Nxe2 Ne4 21.
c3 b5 22. Ng3 Nxg3 23. Bxg3 bxc4 24. Rxf8+ Rxf8 25. Rd7 Bh6 26. h4 Bc1 27. Rb7
Rd8 28. Kf1 Rd2 29. Bf4 Rxb2 30. Rxb2 Bxb2 31. Bd2 Kf7 32. Ke2 Kf6 33. g4 h5
34. Kf3 Ke5 35. Bf4+ Kd5 36. Bd2 hxg4+ 37. Kxg4 Ke4 0-1

[Event "19. Obert Int. Sant Marti 2017"]
[Site "Barcelona ESP"]
[Date "2017.07.17"]
[Round "5.10"]
[White "Rios, Cristhian Camilo"]
[Black "Escalante Ramirez, Brian Sebas"]
[Result "1-0"]
[WhiteElo "2477"]
[BlackElo "2340"]
[PlyCount "47"]
[EventDate "2017.07.13"]
[EventType "swiss"]
[EventRounds "9"]
[EventCountry "ESP"]
[SourceTitle "Ajedrez en Madrid"]
[Source "lmi"]
[SourceDate "2017.07.13"]
[SourceVersion "1"]
[SourceVersionDate "2019.06.21"]
[SourceQuality "1"]

1. d4 f5 2. Bg5 c6 3. Nf3 Qb6 4. b3 h6 5. Bf4 g5 6. Be5 Rh7 7. e3 d6 8. Bg3 Nf6
9. Bd3 Rf7 10. Nbd2 Bg7 11. c4 Na6 12. a3 f4 13. exf4 g4 14. c5 Qd8 15. Nh4
dxc5 16. Bg6 Qxd4 17. Bxf7+ Kxf7 18. O-O Nd5 19. Qc2 Nxf4 20. Bxf4 Qxf4 21.
Rae1 Qf6 22. g3 Kg8 23. Qc4+ Kh7 24. Ne4 1-0